000 00456nam a2200193Ia 4500
005 20251020182559.0
008 200515s9999 xx 000 0 und d
082 _aSC/331.058.7/O36/1980
110 _aOIT
245 0 _aClasificación internacional uniforme de ocupaciones
250 _a2a ed.
260 _aGinebra
260 _c1980
300 _a408
650 _aCIUO
650 _aCLASIFICACION DE EMPLEOS
650 _aPUB OIT
942 _cLIB
999 _c2983
_d2983